000
00310nam a2200133 a 4500
008
970919s1968||||xx 0 und c
040
_a
SNK
_b
slo
_c
SNK
_e
AACR2
100
1
_a
Schön, Vladimír
245
1
0
_a
Ruština pro samouky
260
_a
Praha
_b
SPN
_c
1968
020
_c
20,50
041
_a
ces
044
_a
CZ
999
_c
17701
_d
17701